| 000 | 00536nam a2200169 i 4500 | ||
|---|---|---|---|
| 001 | 90582 | ||
| 003 | ES-MaACL | ||
| 007 | t| | ||
| 008 | 050121s1952 sp ||||1| spa d | ||
| 100 | 1 |
_aLe Hallier, Jean. _970891 |
|
| 245 | 1 | 0 |
_aMonsieur Flip ignoraba su muerte / _cJean Le Hallier ; [traducción de C. y M. Casañola]. |
| 260 |
_aZaragoza : _bAtalanta, _c[1952] ( _fImp. Librería General) |
||
| 300 |
_a219 p. ; _c17 cm. |
||
| 700 | 1 |
_aCasañola, C. _936149 |
|
| 700 | 1 |
_aCasañola, M. _936150 |
|
| 852 |
_aES-MaACL _jC-6301 _bR.34268 |
||
| 999 |
_c90582 _d90582 |
||